Страны, начинающиеся на букву П - Statistics

General Stats
  • This quiz has been taken 3 396 times
  • The average score is 5 of 8
Answer Stats
Страна % Correct
Пакистан
75%
Парагвай
74%
Польша
71%
Португалия
70%
Перу
69%
Панама
67%
Палау
45%
Папуа-Новая Гвинея
43%
No matching quizzes found
Score Distribution
Percent of People with Each Score
Percentile by Number Answered
Your Score History
You have not taken this quiz